Nella tradizione della canzone italiana una grande voce: Alvaro Amici (Lp Sm 3775) (Record n. 102748)

Dettagli MARC
000 -LEADER
fixed length control field 03295njm a2200541Ia 4500
001 - CONTROL NUMBER
control field 23993
003 - CONTROL NUMBER IDENTIFIER
control field IT-RoPAU
005 - DATE AND TIME OF LATEST TRANSACTION
control field 20220918181158.0
008 - FIXED-LENGTH DATA ELEMENTS--GENERAL INFORMATION
fixed length control field 131025s9999 xx 000 0 und d
040 ## - CATALOGING SOURCE
Original cataloging agency IT-RoPAU
040 ## - CATALOGING SOURCE
Transcribing agency IT-RoPAU
041 ## - LANGUAGE CODE
Language code of text/sound track or separate title ITALIANO
999 ## - SYSTEM CONTROL NUMBERS (KOHA)
Koha Dewey Subclass [OBSOLETE] n.d.
100 ## - MAIN ENTRY--PERSONAL NAME
Personal name AA.VV.
9 (RLIN) 794
100 ## - MAIN ENTRY--PERSONAL NAME
Relator term Autore musica
9 (RLIN) 8122
100 ## - MAIN ENTRY--PERSONAL NAME
Miscellaneous information Codice autore musica SPICS: 12000
9 (RLIN) 796
245 ## - TITLE STATEMENT
Title Nella tradizione della canzone italiana una grande voce: Alvaro Amici (Lp Sm 3775)
250 ## - EDITION STATEMENT
Edition statement 1a ed.
260 ## - PUBLICATION, DISTRIBUTION, ETC. (IMPRINT)
Place of publication, distribution, etc. MILANO
260 ## - PUBLICATION, DISTRIBUTION, ETC. (IMPRINT)
Name of publisher, distributor, etc. JOKER - W. GURTLER
Date of publication, distribution, etc. 1975 [1a Ed.:1975]
300 ## - PHYSICAL DESCRIPTION
Extent DISCO
300 ## - PHYSICAL DESCRIPTION
Dimensions 42 minuti (Testo: pag.)
500 ## - GENERAL NOTE
General note Canzone italiana.
505 ## - FORMATTED CONTENTS NOTE
Formatted contents note Granada (4:00) - Luna rossa 85:00) - Binario (4:00) - Mexico (4:00) - Non pensare a me (3:00) - Serenata celeste (4:00) - Giamaica (3:00) - La cosa più bella (4:00) - Povero cuore (3:00) - Buongiorno tristezza (5:00) - Corde della mia chitarra (4:00) - Arrivederci Roma (5:00)
511 ## - PARTICIPANT OR PERFORMER NOTE
Participant or performer note Orchestra M. Battaini
650 ## - SUBJECT ADDED ENTRY--TOPICAL TERM
Topical term or geographic name as entry element CANZONE ITALIAN [DISCHI]
Relator term Codice MATERIA SPICS: 9950
9 (RLIN) 8123
700 ## - ADDED ENTRY--PERSONAL NAME
Personal name Amici Alvaro
Miscellaneous information Codice interprete SPICS: 7854
9 (RLIN) 8124
Relator term Interprete
700 ## - ADDED ENTRY--PERSONAL NAME
Personal name Lara Augustin
Miscellaneous information Codice autore musica SPICS: 14008
Relator term Autore musica
Name of part/section of a work Granada
9 (RLIN) 8125
700 ## - ADDED ENTRY--PERSONAL NAME
Personal name Poletto Enzo
Miscellaneous information Codice autore testo/musica SPICS: 13595
Relator term Autore testo/musica
Name of part/section of a work Granada
9 (RLIN) 8126
700 ## - ADDED ENTRY--PERSONAL NAME
Personal name Vian
Miscellaneous information Codice autore musica SPICS: 14032
Relator term Autore musica
Name of part/section of a work Luna rossa
9 (RLIN) 8127
700 ## - ADDED ENTRY--PERSONAL NAME
Personal name De Crescenzo Eduardo
Miscellaneous information Codice autore testo/musica SPICS: 7995
Relator term Autore testo/musica
Name of part/section of a work Luna rossa
9 (RLIN) 8128
700 ## - ADDED ENTRY--PERSONAL NAME
Personal name Villa Claudio
Miscellaneous information Codice autore testo/musica SPICS: 1155
Relator term Autore testo/musica
Name of part/section of a work Binario
9 (RLIN) 8129
700 ## - ADDED ENTRY--PERSONAL NAME
Personal name Lopez F.
Miscellaneous information Codice autore testo/musica SPICS: 14374
Relator term Autore testo/musica
Name of part/section of a work Mexico
9 (RLIN) 8130
700 ## - ADDED ENTRY--PERSONAL NAME
Personal name Sciorilli Eros
Miscellaneous information Codice autore musica SPICS: 13521
Relator term Autore musica
Name of part/section of a work Non pensare a me
9 (RLIN) 8131
700 ## - ADDED ENTRY--PERSONAL NAME
Personal name Testa Michele (=Gill Armando)
Miscellaneous information odice autore testo/musica SPICS: 13131
Relator term Autore testo/musica
Name of part/section of a work Non pensare a me
9 (RLIN) 8132
700 ## - ADDED ENTRY--PERSONAL NAME
Personal name Fiorelli Giuseppe
Miscellaneous information Codice autore musica SPICS: 13362
Relator code Autore musica
Name of part/section of a work Serenata celeste - Buongiorno tristezza - Corde della mia chitarra
9 (RLIN) 8133
700 ## - ADDED ENTRY--PERSONAL NAME
Personal name Ruccione Mario
Miscellaneous information Codice autore testo/musica SPICS: 13479
Relator term Autore testo/musica
Name of part/section of a work Serenata celeste - Buongiorno tristezza - Corde della mia chitarra
9 (RLIN) 8134
700 ## - ADDED ENTRY--PERSONAL NAME
Personal name Valli T.A.
Miscellaneous information Codice autore testo/musica SPICS: 14375
Relator term Autore testo/musica
Name of part/section of a work Giamaica
9 (RLIN) 8135
700 ## - ADDED ENTRY--PERSONAL NAME
Personal name Conti C.
Miscellaneous information Codice autore musica SPICS: 15827
Relator term Autore musica
Name of part/section of a work La cosa più bella
9 (RLIN) 8136
700 ## - ADDED ENTRY--PERSONAL NAME
Personal name Panzeri Mario
Miscellaneous information Codice autore SPICS: 13372
Relator term Autore
Name of part/section of a work La cosa più bella
9 (RLIN) 8137
700 ## - ADDED ENTRY--PERSONAL NAME
Personal name Pace Daniele
Miscellaneous information Codice autore testo/musica SPICS: 13856
Relator term Autore testo/musica
Name of part/section of a work La cosa più bella
9 (RLIN) 8138
700 ## - ADDED ENTRY--PERSONAL NAME
Personal name Offenbach Jacques
Miscellaneous information Codice autore musica SPICS: 11045
Relator term Autore musica
Name of part/section of a work Povero cuore
9 (RLIN) 8139
700 ## - ADDED ENTRY--PERSONAL NAME
Personal name Guardabassi G.
Miscellaneous information Codice autore SPICS: 14376
Relator term Autore
Name of part/section of a work Povero cuore
9 (RLIN) 8140
700 ## - ADDED ENTRY--PERSONAL NAME
Personal name Garinei Pietro
Miscellaneous information Codice autore musica SPICS: 13576
Relator term Autore musica
Name of part/section of a work Arrivederci Roma
9 (RLIN) 8141
700 ## - ADDED ENTRY--PERSONAL NAME
Personal name Rascel Renato
Miscellaneous information Codice autore SPICS: 13602
Relator term Autore
Name of part/section of a work Arrivederci Roma
9 (RLIN) 8142
700 ## - ADDED ENTRY--PERSONAL NAME
Personal name Giovannini Sandro
Miscellaneous information Codice autore testo/musica SPICS: 13634
Relator term Autore testo/musica
Name of part/section of a work Arrivederci Roma
9 (RLIN) 8143
942 ## - ADDED ENTRY ELEMENTS (KOHA)
Koha item type DISCHI
Source of classification or shelving scheme Dewey Decimal Classification
Dati di copia
Withdrawn status Lost status Damaged status Not for loan Home library Current library Date acquired Total Checkouts Full call number Date last seen Price effective from Koha item type Public note
    Buone Condizioni Not For Loan SPICS-MEDIATECA SPICS-MEDIATECA 25/10/2013   23993 25/10/2013 25/10/2013 DISCHI Progr. Ins.: 4840 / N.Vol.: 1 / Copie: 1 - Copia rara: n.d. / date import: 01.01.2014 - By Epidotti, Trombetti, Vaglietti
CREDITS: SOCIETA' SAN PAOLO Via A.Severo, 58 - ROMA (RM) & PERIODICI SAN PAOLO SRL Via Giotto, 36 MILANO & CISF Via Giotto, 36 MILANO & EDIZIONI SAN PAOLO SRL,  Piazza Soncino, 5 CINISELLO BALSAMO (MI) -- ITALY